00668nam a2200193Ia 4500003000900000008004100009040001600050080002200066245010100088260004000189300000900229650004100238650002900279650001700308700002900325942000700354999001500361952009800376IN-BaIIA211028s9999 xx 000 0 eng d cIIA Library a082.2:52bIAU-C36 4aThe Energy Balance and Hydrodynamics of the Solar Chromosphere and Coronacedited by R.M. Bonnet aClermont-Ferrand, G De Bussacc1976 a504p aAstronomy and Astrophysics Thesaurus aSolar Chromosphere93973 aSolar Corona aBonnet, R. M., ed.99513 cBK c5477d5477 00104070aBANbBANcGENd1977-05-10l0o082.2:52/ IAU-C36p6124r2021-11-05w1977-05-10yBK